|
|
|
|
| LEADER |
00887nam a2200241 a 4500 |
| 001 |
000396010 |
| 008 |
100517r20001998enka 001 0 eng d |
| 020 |
|
|
|a 8173662290
|
| 020 |
|
|
|a 1861001525
|
| 040 |
|
|
|a JRZ
|c JRZ
|d MIA
|d DB-DhAAL
|
| 082 |
0 |
4 |
|a 005.7/2
|2 21
|
| 245 |
0 |
0 |
|a XML applications /
|c Frank Boumphrey ... [et al.].
|
| 260 |
|
|
|a Olton, Birmingham, UK ;
|a India :
|b Wrox Press,
|c c1998.[reprinted 2000]
|
| 300 |
|
|
|a xix, 649 p. :
|b ill. ;
|c 24 cm.
|
| 504 |
|
|
|a Includes index.
|
| 541 |
1 |
|
|e 00012086
|
| 650 |
|
0 |
|a XML (Document markup language)
|
| 650 |
|
0 |
|a Web sites
|x Design.
|
| 650 |
|
0 |
|a Internet programming.
|
| 700 |
1 |
|
|a Boumphrey, Frank.
|
| 852 |
4 |
|
|a Ayesha Abed Library
|j General Shelf.
|
| 999 |
|
|
|c 8632
|d 8632
|
| 952 |
|
|
|0 0
|1 0
|2 ddc
|4 0
|6 005_720000000000000_XML
|7 0
|9 10300
|a BRACUL
|b BRACUL
|c GEN
|d 2010-05-18
|g 467.00
|l 0
|o 005.72 XML
|p 3010012086
|r 2010-05-18
|t 1
|w 2010-05-18
|y BK
|x RS-400.00
|